000 00546nam a2200181Ia 4500
008 090124s9999 xx 000 0 und d
082 _b9550
100 _aकालेलकर मधुसूदन
245 _a शिकार
250 _a1
260 _bमॅजेस्टिक बुक स्टॅाल
_c1974
300 _a66
600 _aकालेलकर मधुसूदन
630 _a शिकार
700 _aकालेलकर मधुसूदन
730 _a शिकार
942 _cBOOK
999 _c86084
_d86084